01888nab a22002537a 4500003000400000005001700004008004100021040000700062100003300069245021100102260007300313300001500386500007100401505070300472505008001175505008901255650002901344650001401373650003001387650003301417650001601450700003601466773013201502OSt20251226212856.0190603e xxum|||| |||| 00| 0 spa d cPJ aGonzález Girodo, Matías 10aNuevos apuntes con relación al proceso de restricción al ejercicio de la capacidad jurídica, determinación del sistema de apoyos y salvaguardias /cMatías González Girodo, Pedro Darío Tablar.  cCiudad Autónoma de Buenos Aires :aThomson Reuters La Ley, b2025. ap. 136-147 aCita: TR LALEY AR/DOC/1056/2025 Publicado en: RCCyC 2025 (junio). aSumario: I. Introducción.— II. Los actos procesales relevantes mencionados en el fallo.— III. El proceso de "determinación de capacidad jurídica" y sus caracteres.— IV. El escrito de promoción o de revaluación. Apartados y características.— V. El rol del propio interesado: su legitimación dentro del trámite de determinación no puede ser restringida.— VI. Consideraciones respecto de los actos jurídicos con efectos post mortem (testamento) de persona con capacidad restringida.— VII. La incidencia sucedida en el proceso en análisis. La "herramienta procesal". Cuando la forma y la cuestión de fondo se entrecruzan.— VIII. Nuestra perspectiva y reflexión.  aFallo comentado: CCiv. y Com., Necochea ~ 01/10/2024 ~ RGE: Ne-7203- 2023. t¿Te interesa el texto completo? Solicitalo al correo: koha@justierradelfuego.gov.ar 0aCODIGO CIVIL Y COMERCIAL 0aCAPACIDAD 0aPERSONAS CON DISCAPACIDAD 0aRESTRICCIONES A LA CAPACIDAD 0aTESTAMENTOS aTablar, Pedro Darío ecoautor0 02713dCiudad Autónoma de Buenos Aires : Thomson Reuters La Ley, 2015-tRevista Código Civil y Comercial. Nº 3 - Junio 2025